| 000 | 00670cam a22002294a 4500 | ||
|---|---|---|---|
| 001 | 11769836 | ||
| 003 | OSt | ||
| 005 | 20240619123654.0 | ||
| 008 | 990812s2000 enka b 001 0 eng | ||
| 010 | _a 99044818 | ||
| 020 | _a019850604X | ||
| 020 | _a0198506031 | ||
| 040 |
_aDDC _cMUST |
||
| 082 | 0 | 0 |
_a530.141 KOV 2000 _222 |
| 100 | 1 |
_aKovetz, Attay. _917519 |
|
| 245 | 1 | 0 |
_aElectromagnetic theory / _cAttay Kovetz. |
| 260 |
_aOxford ; _aNew York : _bOxford University Press, _c2000. |
||
| 300 |
_axiii, 351 p. : _bill. ; _c24 cm. |
||
| 504 | _aIncludes bibliographical references and indexes | ||
| 650 | 0 |
_aElectromagnetic theory. _915573 |
|
| 942 |
_2ddc _cO_SHELF |
||
| 999 |
_c8662 _d8662 |
||